000 00715 a2200181 4500
010 _aENG-88827
020 _c125.00
035 _aEN-72360
037 _bDBAD / PUB
082 1 4 _a000
090 _c9455
_d9455
245 1 _aDisha's target UP-MBA :
_b10 fully solved mock aptitude tests an ultimate tool to test & revise your preparation/
260 _aNew Delhi
_bDisha Publications
_cn.d.
270 _aB-32, Basemant, Shivalik Main Road, Malviya Nagar,
_bNew Delhi
_e110 017
_maiets@rediffmail.com
_k011-26691021, 011-26691713
300 _avarious pagings
_c24 cm. (Pbk).
942 _adpl
_cEN
_k000 / DIS
999 _c9282
_d9282